000 00704nam a2200229Ii 4500
003 JO-AjNU
008 230605s9999||||xx |||||||||||||| ||und||
017 _a1425/2701
020 _a9960-33-921-1
040 _aJO-AjNU
_bara
_erda
_cJO-AjNU
041 _aara
050 1 4 _aBP173.43 2004
100 3 _aالحساوي، صالح,
_eauthor
_948850
245 0 0 _aالإنصاف بلا وكس ولا شطط
250 _aط1
264 3 1 _aالرياض: دار القاسم للنشر والتوزيع، 2004
300 _a128ص
336 _atext
_btxt
_2rdacontent
337 _aunmediated
_bn
_2rdamedia
338 _avolume
_bnc
_2rdacarrier
650 4 _aالعدالة في الاسلام
_948851
999 _aA21420
_c24988
_d24988